000 00296nam a22001337a 4500
008 170907b xxu||||| |||| 00| 0 eng d
020 _a9781857530049
041 _aeng
080 _a91
100 _a42
101 _aGJEO
245 _aSTRATEGIC SURVEY 1993-1994
_cBEARMAN, S
942 _2udc
_cBK
999 _c26668
_d26668